000 00696nam a2200193 a 4500
001 000038001
005 20201002031140.0
008 130312s2006 dr ac 000 0 spa d
040 _aDO-SdBNP
_bspa
_cBNPHU
082 _a796.357
_bC957b
100 1 _aCruz, Héctor J.
_945957
245 1 0 _aBeisbol dominicano :
_borígenes, evolución y héroes /
_cHéctor J. Cruz.
260 _aSanto Domingo :
_bMajor League Baseball,
_c2006.
300 _a221 p. :
_bils., retr. ;
_c24 cm.
590 _aInventarido, 2019/MFF
650 4 _aBéisbol
_zRepública Dominicana
_xHistoria
_91158
650 4 _aJugadores de beisbol
_zRepública Dominicana
_xHistoria
_953313
910 _aValidado. Control de calidad MFF
999 _c37491
_d37491